Регионална библиотека "Любен Каравелов" - Русе

25 години Държавен куклен театър - Русе (Запис номер 419932)

MARC детайли
000 -Лидер
Контролно поле с фиксирана дължина 01265nam a2200337 c 4500
003 - Код на организацията, давaща контролен номер
Контролно поле BLK
005 - Дата и час на последна редакция
Контролно поле 20240408140723.0
008 - Елементи от данни с фиксирана дължина
fixed length control field 180408b bul|||||r ||||||| ||bul||
040 ## - Източник на каталожния запис
Идентификатор на билиотеката - собственик на записа BLK
041 ## - Код за език
Код за езика на текст/звукозапис или на отделно заглавие Български
Код за езика КДБФ Български
080 ## - УДК
Текстов определител УДК Куклен театър. Марионетен театър. Вж и 791.5
УДК код - определител по УДК 792.97
УДК определител (497.215)(091)
УДК - код + определител 792.97(497.215)(091)
139 ## - Редно поле
Редна дума 25 години Държавен куклен театър - Русе
Авторски знак Дв - Д 26
245 10 - Сведения за заглавието
Заглавие 25 години Държавен куклен театър - Русе
Редно поле (дума) състав. Крум Гергицов и др.
257 ## - Страна на издаване
Страна на създаване/издаване България
260 ## - Област на издателските данни
Година на издаване 1986
Място на издаване, разпространение и проч. Русе
300 ## - Физическа характеристика
Страници 38 с.
Илюстрации и др. с ил.
Размери/Мащаб 20 см
380 ## - Жанр
Жанр Изкуство
505 ## - Форматирана забележка
Заглавие Съдържа и: Репертоар на театъра за 1960-1985 г.
650 #0 - Допълнително описание по предмет – тема
Основно описание – тема или топоним Куклен театър - Русе
9 (RLIN) 267456
653 ## - Ключова дума – ненормативна
Ключова дума Русе
653 ## - Ключова дума – ненормативна
Ключова дума история
700 ## - Други автори (авторска отговорност)
Лично име Гергицов, Крум Евлогиев
Дати, свързани с автора 1949-
Друга информация Театровед, литературен критик.
9 (RLIN) 373646
852 ## - Местоположение
Фондова буква Краезнание
Систематично-азбучна сигнатура К 792/Д 26
856 4# - Електронен адрес и достъп
Електронен формат pdf - файл
856 4# - Електронен адрес и достъп
Електронен формат pdf - файл
999 ## - СИСТЕМНИ КОНТРОЛНИ НОМЕРА
Koha biblionumber 419932
Koha biblioitemnumber 419932
942 ## - АРТИКУЛИ
Вид на библиотечния материал Книги
Скрит в OPAC Не
Koha issues (borrowed), all copies 1
Периодичен библиозапис Да
944 ## - СЪЗДАВАНЕ И РЕДАКЦИЯ на ЗАПИСА
Създаване/Редакция Създаване
Дата на регистрацията/редакция 2021-06-15
Служител, извършил регистрацията/редакцията 30560
Статус, дата на статуса Геновева Генчева
999 ## - СИСТЕМНИ КОНТРОЛНИ НОМЕРА
Koha biblioitemnumber 419932
999 ## - СИСТЕМНИ КОНТРОЛНИ НОМЕРА
Koha biblioitemnumber 419932
999 ## - СИСТЕМНИ КОНТРОЛНИ НОМЕРА
Koha biblioitemnumber 419931
Наличности
Код за отписване Код за изгубен артикул Източник на класификационната схема Код за повреда Коз за рестрикции Код за отдаване Артикулен № Име на библиотеката - собственик Име на библиотеката, в която се намира в момента Статус (Текущо местоположение) Дата на вписване в системата Местоположение - отдел Цена в лева Систематично азбучна сигнатура Баркод Цена в евро Служебен тип на артикула
  Не е изгубен Universal Decimal Classification Не е повреден само за читалня ползва се в читалня 837088 Регионална библиотека "Любен Каравелов" Русе Регионална библиотека "Любен Каравелов" Русе Краезнание 2021-06-16 Краезнание 3.00 К 792/Д 26 120000856572 1.53 Книги
Vip Innovations Ltd, Rousse, Bulgaria 2025